000 00356nam a22001457a 4500
008 251121b |||||||| |||| 00| 0 eng d
020 _a978-81-2034275-0
100 _aH. Nandan
245 _aFundamentals of Entrepreneurship 2nd Ed.
250 _a2nd Ed.
260 _aNew Delhi
_bPHI
_c2011
300 _a258
650 _aManagement
942 _2ddc
_cBK
999 _c21615
_d21615